000 01375cam a2200361 i 4500
001 19342197
003 ARRUPE
005 20240208114944.0
008 161020s2015 sa ab 000 0aeng d
010 _a 2016440001
020 _a0994656122
020 _a9780994656124
020 _z9780994656131 (ebk)
035 _a(OCoLC)ocn911172516
040 _aYDXCP
_beng
_cYDXCP
_erda
_dBDX
_dOCLCQ
_dEEM
_dOCLCO
_dDLC
042 _alccopycat
043 _af------
_af-rh---
050 0 0 _aCT9971.F96
_bF96 2015
100 1 _aFynn, Rob,
_eauthor.
_952407
245 1 0 _aAngel in a thorn bush /
_cRob Fynn.
246 1 _iSubtitle from cover:
_aA safari guide in Rhodesia and Zimbabwe
250 _aRevised edition.
260 _aDurban
_b30 degrees South Publishers
_c2015
300 _a337 pages :
_billustrations (some color), map ;
_c24 cm
500 _aPrevious edition: Bloomington, IN : AuthorHouse, 2012.
600 1 0 _aFynn, Rob.
_952407
650 0 _aAdventure and adventurers
_zAfrica
_vBiography.
_96116
650 0 _aAdventure and adventurers
_zZimbabwe
_vBiography.
_952408
775 0 8 _iPrevious edition:
_aFynn, Rob
_tAngel in a thorn bush.
_dBloomington, IN : AuthorHouse, 2012
_z9781477246825
_w(OCoLC)865489143
906 _a7
_bcbc
_ccopycat
_d2
_encip
_f20
_gy-gencatlg
942 _2lcc
_cMONOGRAPH
999 _c131786
_d131786